| 000 | 01011nam a22002297a 4500 | ||
|---|---|---|---|
| 999 |
_c63296 _d63296 |
||
| 005 | 20250729151930.0 | ||
| 008 | 250729s2024 en ||||| |||| 00| 0|eng d | ||
| 020 | _a9780323809450 X | ||
| 041 | _aeng | ||
| 080 | _a616.31 L-81 | ||
| 245 |
_aLittle and Falace's dental management : _bof the medically compromised patient / _cA. Ross Kerr ; Craig S. Miller ; Nelson L. Rhodus ; Eric T. Stoople ; Nathaniel S. Treister. |
||
| 250 | _aenth edition | ||
| 264 |
_aSt. Louis, Missouri : _bElsevier, _c2024. |
||
| 300 |
_axii, 596 pages : _b illustrations (chiefly color) ; _c28 cm. |
||
| 653 | _aOral Manifestations, Dental Care for Chronically Ill, Chronically ill--Dental care ,Sick--Dental care | ||
| 653 | _aChronically ill--Dental care Sick--Dental care Oral manifestations of general diseases | ||
| 653 | _aსტომატოლოგია | ||
| 653 | _aმედიცინა | ||
| 700 |
_aKerr, A. Ross _925700 |
||
| 700 |
_aMiller, Craig S. _eდა სხვა _925701 |
||
| 942 |
_2udc _cBK |
||